LEADER 01055nam a2200253 i 4500 001 000000037410 003 CaOOAMICUS 005 20041230000000.0 008 041230s1971 it u000 u ita u 013 $a7668 040 $aSeMil$bita 100 1 $aGiuntella, Vittorio Emanuele.$0(OLS)http://semarc/name/17820 245 10$aRoma nel Settecento /$cdi Vittorio Giuntella E. 260 $aBologna :$bCappelli,$c1971. 300 $aXVI, 371 p., 42 c. di tav., [1] c. di tav. ripieg. ;$c25 cm. 490 0 $aStoria di Roma ;$vVolume15. 500 $aIn testa al front. : Istituto di studi romani. 650 4$aRoma - Storia - Sec. 18.$0(OLS)http://semarc/subject/7415 830 0$aStoria di Roma ;$vVolume15.$0(OLS)http://semarc/title/209 850 $aSeMil 852 $aSeMil$W1$xVenegono$y1$m3S IV 215$j3565$B3565$CSeMilBibl$Z2$F3565 $81 961 $aOmaggio: Biblioteca Seminario Seveso (fino al 1985) 996 $6245$aRoma nel Settecento$9(OLS)http://semarc/title/52349 996 $6260$aBologna :$bCappelli$9(OLS)http://semarc/publisher/29689 LEADER 00923nam a2200229 i 4500 001 000000053014 003 CaOOAMICUS 005 20250711143916.0 008 080327s1985 it u000 u ita u 013 $a24186 040 $aSeMil$bita 100 1 $aWilde, Oscar <1854-1900>.$0(OLS)http://semarc/name/19341 240 14$aThe picture of Dorian Gray.$0(OLS)http://semarc/title/81563 245 13$aIl ritratto di Dorian Gray /$cOscar Wilde. 264 1$aMilano :$bGruppo Editoriale Fabbri, Bompiani, Sonzogno, Etas,$c1985. 300 $a269 p. ;$c21 cm. 850 $aSeMil 852 $aSeMil$W1$xVenegono$y1$m1V I 89$j19168$B19168$CSeMilBibl$Z2$F19170 $81 961 $aOmaggio: Donazione 996 $6245$aIl ritratto di Dorian Gray$9(OLS)http://semarc/title/81562 996 $6264$aMilano :$bGruppo Editoriale Fabbri, Bompiani, Sonzogno, Etas$9(OLS)http://semarc/publisher/35087